Family welfare law in Nigeria (Record no. 29966)

MARC details
000 -LEADER
fixed length control field 00418nam a2200181Ia 4500
020 ## - INTERNATIONAL STANDARD BOOK NUMBER
ISBN 9789788509264
050 ## - CALL MARK
Classification number KP 116 .A8/
100 ## - STATEMENT OF RESPONSIBILITY--MAIN AUTHOR NAME
Personal name Attah, Michael
245 #0 - TITLE STATEMENT
Title Family welfare law in Nigeria
250 ## - EDITION / VOLUME STATEMENT
Edition / Volume statement 1st ed.
260 ## - PUBLICATION, DISTRIBUTION, ETC. (IMPRINT)
Place of publication Benin city
260 ## - PUBLICATION, DISTRIBUTION, ETC. (IMPRINT)
Name of publisher Ambik press ltd.
260 ## - PUBLICATION, DISTRIBUTION, ETC. (IMPRINT)
Year of publication 2016
300 ## - PHYSICAL DESCRIPTION
Number of Pages 287 p
942 ## - ADDED ENTRY ELEMENTS (KOHA)
Koha item type Books
Holdings
Withdrawn status Lost status Source of classification or shelving scheme Damaged status Not for loan Permanent Location Current Location Shelving location Date acquired Accession Number Price effective from Koha item type
    Library of Congress Classification     Law Library Law Library Items on shelf 04/23/2025 0191340 04/23/2025 Books